000
00315nam a2200121Ia 4500
008
190216s9999||||xx |||||||||||||| ||und||
100
_a
Mohammad Madani Kk
245
0
_a
Muslim Bharanam Spainilum Siciliyilum
260
_b
Kerala Bhasha Institute
_c
1973
300
_a
278p
650
_a
Islamic Culture
942
_c
BK
999
_c
22141
_d
22141